000 00632nam a2200217 i 4500
003 DO-SdBNP
005 20230925084603.0
007 ta
008 110413s200? dr d 000 0 spa d
040 _aDO-SdBNP
_bspa
_cBNPHU
_erda
082 _bT147
_222
245 1 0 _aTaller desaroollo empresarial
264 1 _aSanto Domingo :
_bFundación Dominicana de Desarrollo (FDD),
_c[fecha no identificada].
300 _a112 paginas
_c29 cm.
336 _2rdacontent
_atexto
_btxt
337 _2rdamedia
_asin mediación
_bn
338 _2rdacarrier
_avolumen
_bnc
590 _aInventariado, 2023/ DG
910 _aDG
942 _2ddc
_cLBS1
999 _c54911
_d54911